| 000 | 00572nam a22001937a 4500 | ||
|---|---|---|---|
| 999 |
_c158722 _d158722 |
||
| 005 | 20181113112647.0 | ||
| 010 | _aENG-124484 | ||
| 020 |
_a9789387871144 _c170.00 |
||
| 035 | _aEN-108016 | ||
| 037 | _bDBAD/PUB | ||
| 082 | _a005.133 | ||
| 100 | _aSelvam.S | ||
| 245 |
_aC-programme / _cby Selvam.S [and] Usha.S |
||
| 260 |
_aMadurai (Tamil Nadu) _bShanlax Publications _c2018 |
||
| 270 |
_a61, T.P.K. Main road, Vasantha Nagar, _bMadurai (Tamil Nadu) _e625003 |
||
| 300 |
_a129p. _c24cm(pbk) |
||
| 700 | _aUsha.S | ||
| 942 |
_2ddc _cEN _h005.133 _mSEL |
||